Charlie y la fábrica de chocolate /

Guardado en:
Autor Principal: Dahl, Roald.
Otros Autores: Blake, Quenyin; il.
Formato: Libro
Publicado: Buenos Aires : Santillana, 2022.
Series:Loqueleo. Azul
Materias:
Etiquetas: Agregar Etiqueta
Sin Etiquetas, Sea el primero en etiquetar este registro!
LEADER 00699nam a22002295a 4500
001 CEM.cems019053
008 220422s2022####ag############000#0#####d
005 20260616160232.0
245 1 0 |a Charlie y la fábrica de chocolate /  |c Roald Dahl, Ilustrado Por Quenyin Blake 
260 |a Buenos Aires :  |b Santillana,  |c 2022. 
300 |a 208p. il. 
490 0 |a Loqueleo. Azul 
020 |a 9789504643678 
100 1 |a Dahl, Roald. 
700 1 |a Blake, Quenyin; il. 
082 0 4 |a 823.9 
653 |a Literatura infantil 
653 |a Literatura juvenil 
653 |a Literatura noruega 
653 |a Novela 
653 |a Novela infantiles 
859 |a CEMS  |b BIB. CEMS - 11 de abril  |h 839.8226LS2  |i D137  |p 29301.22  |t Ej. 1